000 00578nam a2200181Ia 4500
008 140925s9999 xx 000 0 und d
020 _a1467-873X
100 _aFernández, Rubén Gaztambide.
245 _aCurriculum inquiry /
_cRubén Gaztambide-Fernández.
_h[electronic resource]
260 _bJohn Wiley & Sons, Inc.,
_cc2014.
516 _aElectronic text
650 _aCurriculum.
650 _aEducation.
830 _aJohn Wiley & Sons, Inc.
856 _uhttp://onlinelibrary.wiley.com/journal/10.1111/%28ISSN%291467-873X
942 _cEJ
999 _c275822
_d275822